Un manual para el manejo de quelonios acuáticos en la amazonía peruana (Charapa, Taricaya y Cupiso) (Registro nro. 9082)
[ vista simple ]
| 000 -CABECERA | |
|---|---|
| Campo de control | 01283nam a22002657a 4500 |
| 005 - FECHA Y HORA DE LA ULTIMA TRANSACCION | |
| Campo de control | 20150305115026.0 |
| 008 - ELEMENTOS DE LONGITUD FIJA—INFORMACION GENERAL | |
| Campo de control | 150305b1999 pe ||||| |||| 00| 0 spa d |
| 040 ## - FUENTE DE CATALOGACIÓN | |
| Agencia catalogadora original | Co-BoIAvH |
| Agencia transcriptora | Co-BoIAvH |
| 041 ## - IDIOMA | |
| Código de idioma para texto/pista de sonido o título separado | Español |
| 044 ## - PAÍS DE PUBLICACIÓN | |
| País de publicación | Perú |
| 082 04 - NUMERO DE CLASIFICACION DECIMAL DEWEY | |
| Número de clasificación | 597.928546 |
| Número del ítem | S68m |
| 100 1# - ASIENTO PRINCIPAL--NOMBRE PERSONAL | |
| Nombre personal | Soini, Pekka |
| 9 (RLIN) | 33286 |
| 245 10 - MENCION DE TITULO | |
| Título | Un manual para el manejo de quelonios acuáticos en la amazonía peruana (Charapa, Taricaya y Cupiso) |
| 260 ## - PUBLICACION, DISTRIBUCION, ETC. (PIE DE IMPRENTA) | |
| Lugar de publicación, distribución, etc. | Iquitos: |
| Nombre del editor, distribuidor, etc. | Instituto de Investigaciones de la Amazonía Peruana, |
| Fecha de publicación, distribución, etc. | 1999. |
| 300 ## - DESCRIPCION FISICA | |
| Extensión | 68 p. |
| Otros detalles físicos | fotografías b/n |
| Dimensiones | 21 cm. |
| 505 ## - NOTA DE CONTENIDO | |
| Nota de contenido | Descripción de la Charapa, Taricaya y Cupiso.<br/>Cómo reconocerlas.<br/>Un poco de historia natural de la Charapa, Taricaya y Cupiso.<br/>Una estrategia para su conservación.<br/>Su manejo con fines de aprovechamiento sostenible.<br/>Técnica de propagación de crías.<br/>Manejo y el sexo de las crías.<br/>Algunos métodos sencillos para evaluar su abundancia. |
| 650 #4 - ASIENTO SECUNDARIO DE MATERIA - TERMINO TEMATICO | |
| Término temático o nombre geográfico como elemento de entrada | Fauna marina |
| Subdivisión geográfica | Amazonas (Región) |
| -- | Perú |
| 9 (RLIN) | 33287 |
| 650 24 - ASIENTO SECUNDARIO DE MATERIA - TERMINO TEMATICO | |
| Término temático o nombre geográfico como elemento de entrada | Tortugas marinas |
| Subdivisión general | conservación |
| -- | cría |
| Subdivisión geográfica | Amazonas (Región) |
| -- | Perú |
| 9 (RLIN) | 33288 |
| 650 #4 - ASIENTO SECUNDARIO DE MATERIA - TERMINO TEMATICO | |
| Término temático o nombre geográfico como elemento de entrada | Quelonios |
| 9 (RLIN) | 33289 |
| 650 #4 - ASIENTO SECUNDARIO DE MATERIA - TERMINO TEMATICO | |
| Término temático o nombre geográfico como elemento de entrada | Tortugas |
| Subdivisión general | Chelonia |
| 9 (RLIN) | 33290 |
| 650 #4 - ASIENTO SECUNDARIO DE MATERIA - TERMINO TEMATICO | |
| Término temático o nombre geográfico como elemento de entrada | Tortugas |
| Subdivisión general | Charapa |
| 9 (RLIN) | 33291 |
| 650 #4 - ASIENTO SECUNDARIO DE MATERIA - TERMINO TEMATICO | |
| Término temático o nombre geográfico como elemento de entrada | Tortugas |
| Subdivisión general | Terecay |
| -- | Taricaya |
| 9 (RLIN) | 33292 |
| 650 #4 - ASIENTO SECUNDARIO DE MATERIA - TERMINO TEMATICO | |
| Término temático o nombre geográfico como elemento de entrada | Tortugas |
| Subdivisión general | cupiso |
| 9 (RLIN) | 33293 |
| 942 ## - ELEMENTOS ADICIONALES (KOHA) | |
| Sistema de clasificación | Dewey Decimal Classification |
| Tipo de ítem | Libro |
| Withdrawn status | Lost status | Sistema de Clasificación | Damaged status | No para préstamo | Colección | Inventariado | Ubicación Permanente | Ubicación actual | Fecha de adquisición | Valor | Total Checkouts | Número topográfico | Inventario / Código de Barras | Date last seen | Ejemplar | Price effective from | Forma de adquisición | Tipo de material |
|---|---|---|---|---|---|---|---|---|---|---|---|---|---|---|---|---|---|---|
| Dewey Decimal Classification | General | Inventariado 2017 | Bogotá | Bogotá | 05/03/2015 | 39000.00 | LB-597.928546 S68m | 038842 | 05/03/2015 | Ej. 1 | 05/03/2015 | Libro |